| 000 | 01419 a2200241 4500 | ||
|---|---|---|---|
| 001 | 49332 | ||
| 005 | 20260407155756.0 | ||
| 008 | 260407a2019 arg spa d | ||
| 003 | AR-UNSa-BCEJYS | ||
| 040 |
_aAR-UNSa-BCEJYS _bspa _cAR-UNSa-BCEJYS |
||
| 080 |
_a657.23 _xCompensaciones. Correcciones. Ajustes (devaluación monetaria) |
||
| 245 | 1 | 0 |
_aAjuste por inflación _pRT Nº 6, RT Nº 48, RJG 539/18. Guías de aplicación de CENCyA (FACPCE) |
| 020 | _a978-987-716-105-2 | ||
| 264 | 1 |
_aBuenos Aires : _bOsmar D. Buyatti _c2019 |
|
| 300 |
_a291 p. _c22 cm. |
||
| 505 | _a1. Modelos contables - 2. Antecedentes históricos de la aplicación en los Estados Contables en Argentina - 3. Aspectos generales del ajuste integral por inflación de los Estados Contables. Resolución Técnica N° 6 - 4. Remedición de activos: RT N° 48 FACPCE - 5. Ajuste por inflación de algunos rubros del activo - 6. Re expresión de los componentes del patrimonio neto - 7. El método de impuesto diferido y el ajuste por inflación de la RT N° 6 - 8. Presentación de Estados Contables ajustados por inflación - 9. El Estado de flujo efectivo ajustado por inflación. | ||
| 041 | _aspa | ||
| 942 | _cBK | ||
| 590 | _aniveau_biblio:m niveau_hierar:0 | ||
| 100 | 1 | _aPetti, Ana María | |
| 700 | 1 | _aLanza, Heraclio Juan | |
| 856 | 4 | 1 |
_uhttps://www.biblioeco.unsa.edu.ar/pmb/images/libros/L127987.jpg _yImagen de portada _qimage/jpeg |
| 999 |
_c4803 _d4803 |
||